Mòdul avançat : pla de control de proveïdors i traçabilitat / Servei de Salut Pública i Consum, Àrea de Salut Pública i Consum pla de control de proveïdors i traçabilitat / Servei de Salut Pública i Consum, Àrea de Salut Pública i Consum
Publicado:
Barcelona :
la Diputació. Àrea de Salut Pública i Consum. Servei de Salut Pública, [2010]
Descripción Física:
28, [34] p. ; 29 cm
MARC
| LEADER | 00000nam a2200000Ia 4500 | ||
|---|---|---|---|
| 001 | 23155 | ||
| 008 | 160829s9999 xx 000 0 cat d | ||
| 080 | |a C-3-351 | ||
| 110 | |a Barcelona (Catalunya : Província). |b Servei de Salut Pública i Consum |9 8151 | ||
| 245 | |a Mòdul avançat : |b pla de control de proveïdors i traçabilitat / Servei de Salut Pública i Consum, Àrea de Salut Pública i Consum | ||
| 260 | |a Barcelona : |b la Diputació. Àrea de Salut Pública i Consum. Servei de Salut Pública, [2010] | ||
| 300 | |a 28, [34] p. ; |c 29 cm | ||
| 650 | |a Aliments |x Manipulació |9 44997 | ||
| 650 | |a Traçabilitat |9 46578 | ||
| 901 | |a Arxiu | ||
| 942 | |n 1 | ||
| 952 | |0 0 |1 0 |4 0 |6 C3351 |7 1 |9 54574 |a Arxiu |b Arxiu |d 2016-12-01 |l 0 |o C-3-351 |p 23155 |r 2016-12-01 00:00:00 |w 2016-12-01 |y ARXIU | ||
| 999 | |c 58443 |d 58443 | ||